Get the hang of it (Record no. 83240)

MARC details
000 -LEADER
fixed length control field 00934cab a22002055a 4500
001 - CONTROL NUMBER
control field L153249
008 - FIXED-LENGTH DATA ELEMENTS--GENERAL INFORMATION
fixed length control field 110630e20110625xxk 000 0 eng d
035 ## - SYSTEM CONTROL NUMBER
System control number (Sirsi) u153249
041 0# - LANGUAGE CODE
Language code of text/sound track or separate title eng
100 1# - MAIN ENTRY--PERSONAL NAME
Personal name Perrott, Roy
245 00 - TITLE STATEMENT
Title Get the hang of it
260 ## - PUBLICATION, DISTRIBUTION, ETC.
Date of publication, distribution, etc. 2011
490 ## - SERIES STATEMENT
Series statement Estates Gazette
Volume/sequential designation (1125) 25 June 2011, 101(1)
520 ## - SUMMARY, ETC.
Summary, etc. Flying freeholds and the challenges they present. They rarely benefit from adequate rights of support, protection and access and as a result many lenders are suspicious of them and some will not lend on any property with such a freehold. Warns that in practice there is no solution to the problems that affect these freeholds but awareness of their associated difficulties can help tidy up the position before a property is marketed or redeveloped.
590 ## - LOCAL NOTE (RLIN)
Local note KA
651 #4 - SUBJECT ADDED ENTRY--GEOGRAPHIC NAME
Geographic name England
Chronological subdivision 886-
690 ## - LOCAL SUBJECT ADDED ENTRY--TOPICAL TERM (OCLC, RLIN)
Topical term or geographic name as entry element LANDLORD AND TENANT-LEASES
700 1# - ADDED ENTRY--PERSONAL NAME
Personal name Brandes, Antonia
942 ## - ADDED ENTRY ELEMENTS (KOHA)
Suppress in OPAC 0
Holdings
Withdrawn status Lost status Source of classification or shelving scheme Damaged status Not for loan Home library Current library Shelving location Date acquired Total Checkouts Full call number Barcode Date last seen Copy number Price effective from Koha item type
    Dewey Decimal Classification     London London Journal article 30/06/2011   L153249 153249-1001 06/08/2019 1 06/08/2019 Journal article